000
00299nam a2200109 a 4500
005
20140414131950.0
008
110202s19uu xx 00 eng d
050
_a
TR 370.78
_b
Su7 2004
100
_a
Sunga, Nilda
245
_a
A teacher's package on the art of classroom questioning.
999
_c
112757
_d
112757